[Event "World Cup 2023 Open"]
[Site "Baku, Azerbaijan"]
[Date "2023.08.04"]
[Round "14.12"]
[White "Grandelius Nils (SWE)"]
[Black "Antipov Mikhail Al. (FID)"]
[Result "1-0"]
[WhiteFideId "1710400"]
[BlackFideId "4107012"]
[WhiteElo "2684"]
[BlackElo "2606"]

1. e4 {[%clk 00:25:18]} {[%emt 00:00:01]} e5 {[%clk 00:25:19]} {[%emt
00:00:02]} 2. Nf3 {[%clk 00:25:27]} Nc6 {[%clk 00:25:28]} {[%emt 00:00:01]} 3.
Bb5 {[%clk 00:25:32]} {[%emt 00:00:04]} Nf6 {[%clk 00:25:37]} {[%emt 00:00:01]}
4. d3 {[%clk 00:25:39]} {[%emt 00:00:04]} Bc5 {[%clk 00:25:43]} {[%emt
00:00:04]} 5. Ba4 {[%clk 00:25:44]} {[%emt 00:00:05]} O-O {[%clk 00:25:30]}
{[%emt 00:00:23]} 6. O-O {[%clk 00:25:49]} {[%emt 00:00:05]} d6 {[%clk
00:24:22]} {[%emt 00:01:18]} 7. c3 {[%clk 00:25:55]} {[%emt 00:00:04]} Bb6
{[%clk 00:24:04]} {[%emt 00:00:27]} 8. h3 {[%clk 00:25:41]} {[%emt 00:00:24]}
Ne7 {[%clk 00:24:05]} {[%emt 00:00:10]} 9. Re1 {[%clk 00:24:14]} {[%emt
00:01:37]} Ng6 {[%clk 00:23:36]} {[%emt 00:00:39]} 10. d4 {[%clk 00:24:15]}
{[%emt 00:00:09]} c6 {[%clk 00:22:56]} {[%emt 00:00:51]} 11. Bc2 {[%clk
00:24:08]} {[%emt 00:00:16]} Re8 {[%clk 00:20:21]} {[%emt 00:02:45]} 12. Nbd2
{[%clk 00:24:02]} {[%emt 00:00:16]} Bc7 {[%clk 00:20:11]} {[%emt 00:00:21]} 13.
Nf1 {[%clk 00:21:52]} {[%emt 00:02:19]} d5 {[%clk 00:20:03]} {[%emt 00:00:19]}
14. Bg5 {[%clk 00:18:38]} {[%emt 00:03:24]} dxe4 {[%clk 00:15:13]} {[%emt
00:05:00]} 15. Bxe4 {[%clk 00:13:40]} {[%emt 00:05:08]} exd4 {[%clk 00:14:56]}
{[%emt 00:00:27]} 16. Bxf6 {[%clk 00:13:48]} {[%emt 00:00:02]} Qxf6 {[%clk
00:14:21]} {[%emt 00:00:45]} 17. Bxg6 {[%clk 00:13:11]} {[%emt 00:00:47]} Rxe1
{[%clk 00:14:29]} {[%emt 00:00:02]} 18. Qxe1 {[%clk 00:11:54]} {[%emt
00:01:27]} fxg6 {[%clk 00:14:37]} {[%emt 00:00:02]} 19. Qe8+ {[%clk 00:11:21]}
{[%emt 00:00:43]} Qf8 {[%clk 00:14:46]} {[%emt 00:00:01]} 20. Qxf8+ {[%clk
00:11:30]} {[%emt 00:00:01]} Kxf8 {[%clk 00:14:55]} 21. Nxd4 {[%clk 00:11:38]}
{[%emt 00:00:02]} Bd7 {[%clk 00:15:03]} {[%emt 00:00:02]} 22. Ne3 {[%clk
00:09:57]} {[%emt 00:01:51]} Rd8 {[%clk 00:14:55]} {[%emt 00:00:18]} 23. Rd1
{[%clk 00:09:21]} {[%emt 00:00:46]} a5 {[%clk 00:13:37]} {[%emt 00:01:28]} 24.
a4 {[%clk 00:08:37]} {[%emt 00:00:54]} Kf7 {[%clk 00:12:49]} {[%emt 00:00:57]}
25. h4 {[%clk 00:06:27]} {[%emt 00:02:20]} Be8 {[%clk 00:11:35]} {[%emt
00:01:25]} 26. Kf1 {[%clk 00:06:00]} {[%emt 00:00:37]} Bf4 {[%clk 00:07:58]}
{[%emt 00:03:45]} 27. Ke2 {[%clk 00:04:57]} {[%emt 00:01:15]} Bxe3 {[%clk
00:03:09]} {[%emt 00:04:59]} 28. fxe3 {[%clk 00:05:04]} {[%emt 00:00:03]} c5
{[%clk 00:03:17]} {[%emt 00:00:01]} 29. Rf1+ {[%clk 00:00:51]} {[%emt
00:04:23]} Ke7 {[%clk 00:03:26]} {[%emt 00:00:01]} 30. Nb5 {[%clk 00:00:59]}
{[%emt 00:00:03]} g5 {[%clk 00:03:07]} {[%emt 00:00:29]} 31. Rf5 {[%clk
00:00:29]} {[%emt 00:00:39]} gxh4 {[%clk 00:02:48]} {[%emt 00:00:29]} 32. Rxc5
{[%clk 00:00:31]} {[%emt 00:00:09]} b6 {[%clk 00:02:50]} {[%emt 00:00:08]} 33.
Rc7+ {[%clk 00:00:26]} {[%emt 00:00:15]} Rd7 {[%clk 00:02:58]} {[%emt
00:00:03]} 34. Rc4 {[%clk 00:00:22]} {[%emt 00:00:14]} Bh5+ {[%clk 00:03:02]}
{[%emt 00:00:05]} 35. Kf2 {[%clk 00:00:27]} {[%emt 00:00:05]} Rd2+ {[%clk
00:03:09]} {[%emt 00:00:04]} 36. Kg1 {[%clk 00:00:36]} g5 {[%clk 00:03:12]}
{[%emt 00:00:07]} 37. Rc7+ {[%clk 00:00:41]} {[%emt 00:00:05]} Kf6 {[%clk
00:03:17]} {[%emt 00:00:05]} 38. Rxh7 {[%clk 00:00:42]} {[%emt 00:00:10]} Bg6
{[%clk 00:03:21]} {[%emt 00:00:06]} 39. Rh8 {[%clk 00:00:36]} {[%emt 00:00:15]}
Be4 {[%clk 00:03:26]} {[%emt 00:00:05]} 40. Rf8+ {[%clk 00:00:44]} {[%emt
00:00:02]} Ke5 {[%clk 00:02:43]} {[%emt 00:00:52]} 41. Re8+ {[%clk 00:00:42]}
{[%emt 00:00:13]} Kf6 {[%clk 00:02:03]} {[%emt 00:00:50]} 42. Rxe4 {[%clk
00:00:51]} {[%emt 00:00:02]} Rxb2 {[%clk 00:02:12]} 43. Nd4 {[%clk 00:00:36]}
{[%emt 00:00:25]} Ra2 {[%clk 00:02:21]} {[%emt 00:00:01]} 44. Kh2 {[%clk
00:00:26]} {[%emt 00:00:19]} Rxa4 {[%clk 00:02:22]} {[%emt 00:00:09]} 45. Re6+
{[%clk 00:00:21]} {[%emt 00:00:15]} Kf7 {[%clk 00:02:30]} {[%emt 00:00:02]} 46.
Rxb6 {[%clk 00:00:27]} {[%emt 00:00:05]} g4 {[%clk 00:02:36]} {[%emt 00:00:04]}
47. Nf5 {[%clk 00:00:25]} {[%emt 00:00:11]} Ra3 {[%clk 00:02:35]} {[%emt
00:00:11]} 48. Nxh4 {[%clk 00:00:27]} {[%emt 00:00:08]} Rxc3 {[%clk 00:02:43]}
{[%emt 00:00:03]} 49. Nf5 {[%clk 00:00:33]} {[%emt 00:00:03]} a4 {[%clk
00:02:38]} {[%emt 00:00:16]} 50. Ra6 {[%clk 00:00:37]} {[%emt 00:00:06]} a3
{[%clk 00:02:44]} {[%emt 00:00:04]} 51. Kg3 {[%clk 00:00:41]} {[%emt 00:00:06]}
1-0

[Event "World Cup 2023 Open"]
[Site "Baku, Azerbaijan"]
[Date "2023.08.04"]
[Round "14.13"]
[White "Safarli Eltaj (AZE)"]
[Black "Esipenko Andrey (FID)"]
[Result "0-1"]
[WhiteFideId "13402129"]
[BlackFideId "24175439"]
[WhiteElo "2607"]
[BlackElo "2683"]

1. e4 {[%clk 00:25:17]} {[%emt 00:00:02]} e5 {[%clk 00:25:19]} {[%emt
00:00:02]} 2. Nf3 {[%clk 00:25:20]} {[%emt 00:00:06]} Nc6 {[%clk 00:25:26]}
{[%emt 00:00:03]} 3. Nc3 {[%clk 00:24:52]} {[%emt 00:00:39]} Nf6 {[%clk
00:25:27]} {[%emt 00:00:08]} 4. a3 {[%clk 00:24:20]} {[%emt 00:00:42]} d5
{[%clk 00:25:17]} {[%emt 00:00:19]} 5. Bb5 {[%clk 00:24:24]} {[%emt 00:00:07]}
Nxe4 {[%clk 00:24:40]} {[%emt 00:00:48]} 6. Nxe5 {[%clk 00:24:31]} {[%emt
00:00:03]} Qg5 {[%clk 00:18:11]} {[%emt 00:06:39]} 7. Nxc6 {[%clk 00:24:37]}
{[%emt 00:00:03]} Qxg2 {[%clk 00:18:13]} {[%emt 00:00:07]} 8. Rf1 {[%clk
00:22:53]} {[%emt 00:01:54]} a6 {[%clk 00:17:50]} {[%emt 00:00:34]} 9. Nxd5
{[%clk 00:22:54]} {[%emt 00:00:09]} axb5 {[%clk 00:17:04]} {[%emt 00:00:55]} 10.
Nxc7+ {[%clk 00:23:01]} {[%emt 00:00:03]} Kd7 {[%clk 00:17:13]} {[%emt
00:00:01]} 11. Nxa8 {[%clk 00:23:09]} {[%emt 00:00:02]} Kxc6 {[%clk 00:16:59]}
{[%emt 00:00:24]} 12. Qe2 {[%clk 00:23:13]} {[%emt 00:00:06]} Bh3 {[%clk
00:16:16]} {[%emt 00:00:52]} 13. a4 {[%clk 00:23:18]} {[%emt 00:00:06]} Qxf1+
{[%clk 00:15:36]} {[%emt 00:00:51]} 14. Qxf1 {[%clk 00:23:26]} {[%emt
00:00:02]} Bxf1 {[%clk 00:15:44]} {[%emt 00:00:02]} 15. Kxf1 {[%clk 00:23:34]}
{[%emt 00:00:02]} b4 {[%clk 00:15:10]} {[%emt 00:00:45]} 16. a5 {[%clk
00:21:27]} {[%emt 00:02:17]} Bc5 {[%clk 00:13:58]} {[%emt 00:01:21]} 17. Nb6
{[%clk 00:21:18]} {[%emt 00:00:19]} Nxf2 {[%clk 00:13:24]} {[%emt 00:00:45]} 18.
Nc4 {[%clk 00:18:02]} {[%emt 00:03:25]} Re8 {[%clk 00:10:23]} {[%emt 00:03:12]}
19. d3 {[%clk 00:17:19]} {[%emt 00:00:53]} b3 {[%clk 00:08:45]} {[%emt
00:01:48]} 20. a6 {[%clk 00:14:48]} {[%emt 00:02:41]} bxc2 {[%clk 00:08:12]}
{[%emt 00:00:43]} 21. Na5+ {[%clk 00:13:23]} {[%emt 00:01:35]} Kb5 {[%clk
00:06:11]} {[%emt 00:02:09]} 22. d4 {[%clk 00:07:24]} {[%emt 00:06:11]} Bxd4
{[%clk 00:04:00]} {[%emt 00:02:22]} 23. Nxb7 {[%clk 00:07:30]} {[%emt
00:00:03]} Ra8 {[%clk 00:02:53]} {[%emt 00:01:16]} 24. Nd6+ {[%clk 00:03:22]}
{[%emt 00:04:19]} Kc6 {[%clk 00:02:51]} {[%emt 00:00:12]} 25. Nf5 {[%clk
00:03:20]} {[%emt 00:00:12]} Bb6 {[%clk 00:02:45]} {[%emt 00:00:15]} 26. Ke2
{[%clk 00:01:38]} {[%emt 00:01:52]} Ne4 {[%clk 00:02:04]} {[%emt 00:00:50]} 27.
Ra4 {[%clk 00:00:20]} {[%emt 00:01:29]} Nc5 {[%clk 00:01:57]} {[%emt 00:00:17]}
28. Rc4 {[%clk 00:00:26]} {[%emt 00:00:04]} g6 {[%clk 00:01:46]} {[%emt
00:00:20]} 29. Ne3 {[%clk 00:00:12]} {[%emt 00:00:25]} Kb5 {[%clk 00:01:46]}
{[%emt 00:00:09]} 30. Rxc2 {[%clk 00:00:13]} {[%emt 00:00:10]} Nb3 {[%clk
00:01:43]} {[%emt 00:00:13]} 31. Nd5 {[%clk 00:00:13]} {[%emt 00:00:11]} Nd4+
{[%clk 00:01:44]} {[%emt 00:00:08]} 0-1

[Event "World Cup 2023 Open"]
[Site "Baku, Azerbaijan"]
[Date "2023.08.04"]
[Round "14.14"]
[White "Howell David W L (ENG)"]
[Black "Brkic Ante (CRO)"]
[Result "1-0"]
[WhiteFideId "410608"]
[BlackFideId "14506688"]
[WhiteElo "2677"]
[BlackElo "2608"]

1. e4 {[%clk 00:25:17]} {[%emt 00:00:02]} c5 {[%clk 00:24:58]} {[%emt
00:00:23]} 2. c3 {[%clk 00:25:24]} {[%emt 00:00:03]} d5 {[%clk 00:21:07]}
{[%emt 00:04:01]} 3. exd5 {[%clk 00:25:31]} {[%emt 00:00:03]} Nf6 {[%clk
00:21:15]} 4. d4 {[%clk 00:25:27]} {[%emt 00:00:15]} cxd4 {[%clk 00:19:30]}
{[%emt 00:01:56]} 5. Bb5+ {[%clk 00:25:26]} {[%emt 00:00:11]} Bd7 {[%clk
00:17:56]} {[%emt 00:01:44]} 6. Bc4 {[%clk 00:25:34]} {[%emt 00:00:02]} b5
{[%clk 00:11:21]} {[%emt 00:06:45]} 7. Bb3 {[%clk 00:25:37]} {[%emt 00:00:07]}
a5 {[%clk 00:09:39]} {[%emt 00:01:52]} 8. Qxd4 {[%clk 00:19:56]} {[%emt
00:05:51]} a4 {[%clk 00:09:48]} 9. Bd1 {[%clk 00:18:02]} {[%emt 00:02:04]} Ra6
{[%clk 00:09:45]} {[%emt 00:00:13]} 10. Bf3 {[%clk 00:11:40]} {[%emt 00:06:32]}
e6 {[%clk 00:09:26]} {[%emt 00:00:29]} 11. dxe6 {[%clk 00:09:21]} {[%emt
00:02:29]} Rxe6+ {[%clk 00:09:30]} {[%emt 00:00:05]} 12. Be3 {[%clk 00:09:30]}
{[%emt 00:00:02]} Na6 {[%clk 00:04:14]} {[%emt 00:05:26]} 13. Ne2 {[%clk
00:08:22]} {[%emt 00:01:18]} Bc5 {[%clk 00:04:20]} {[%emt 00:00:04]} 14. Qd2
{[%clk 00:08:06]} {[%emt 00:00:26]} Bxe3 {[%clk 00:04:07]} {[%emt 00:00:24]} 15.
fxe3 {[%clk 00:08:14]} {[%emt 00:00:02]} O-O {[%clk 00:04:15]} {[%emt
00:00:02]} 16. O-O {[%clk 00:07:09]} {[%emt 00:01:14]} Rfe8 {[%clk 00:01:54]}
{[%emt 00:02:32]} 17. Nd4 {[%clk 00:07:18]} {[%emt 00:00:01]} Rxe3 {[%clk
00:01:52]} {[%emt 00:00:12]} 18. Na3 {[%clk 00:07:26]} {[%emt 00:00:01]} Nc7
{[%clk 00:00:42]} {[%emt 00:01:19]} 19. Nac2 {[%clk 00:07:06]} {[%emt
00:00:30]} R3e5 {[%clk 00:00:43]} {[%emt 00:00:08]} 20. Rae1 {[%clk 00:07:14]}
{[%emt 00:00:03]} Ncd5 {[%clk 00:00:36]} {[%emt 00:00:18]} 21. Rxe5 {[%clk
00:07:12]} {[%emt 00:00:12]} Rxe5 {[%clk 00:00:45]} {[%emt 00:00:01]} 22. Re1
{[%clk 00:07:20]} Rxe1+ {[%clk 00:00:42]} {[%emt 00:00:15]} 23. Qxe1 {[%clk
00:07:28]} {[%emt 00:00:02]} h6 {[%clk 00:00:37]} {[%emt 00:00:15]} 24. Qe5
{[%clk 00:07:24]} {[%emt 00:00:14]} Nb6 {[%clk 00:00:23]} {[%emt 00:00:23]} 25.
Ne3 {[%clk 00:04:05]} {[%emt 00:03:30]} Be8 {[%clk 00:00:18]} {[%emt 00:00:15]}
26. a3 {[%clk 00:03:25]} {[%emt 00:00:50]} g6 {[%clk 00:00:11]} {[%emt
00:00:17]} 27. h3 {[%clk 00:03:16]} {[%emt 00:00:18]} Kg7 {[%clk 00:00:14]}
{[%emt 00:00:07]} 28. Nxb5 {[%clk 00:02:18]} {[%emt 00:01:08]} Qd2 {[%clk
00:00:15]} {[%emt 00:00:09]} 29. Nd6 {[%clk 00:02:17]} {[%emt 00:00:11]} Nbd7
{[%clk 00:00:13]} {[%emt 00:00:13]} 30. Nxe8+ {[%clk 00:02:17]} {[%emt
00:00:10]} Kf8 {[%clk 00:00:21]} {[%emt 00:00:02]} 31. Qd6+ {[%clk 00:02:25]}
{[%emt 00:00:01]} 1-0

[Event "World Cup 2023 Open"]
[Site "Baku, Azerbaijan"]
[Date "2023.08.04"]
[Round "14.15"]
[White "Fedoseev Vladimir (SLO)"]
[Black "Pechac Jergus (SVK)"]
[Result "1/2-1/2"]
[WhiteFideId "24130737"]
[BlackFideId "14926970"]
[WhiteElo "2676"]
[BlackElo "2608"]

1. d4 {[%clk 00:25:17]} {[%emt 00:00:02]} Nf6 {[%clk 00:25:19]} {[%emt
00:00:02]} 2. c4 {[%clk 00:25:24]} {[%emt 00:00:03]} e6 {[%clk 00:25:27]}
{[%emt 00:00:02]} 3. Nc3 {[%clk 00:25:21]} {[%emt 00:00:13]} Bb4 {[%clk
00:25:33]} {[%emt 00:00:04]} 4. Qc2 {[%clk 00:25:27]} {[%emt 00:00:05]} O-O
{[%clk 00:24:39]} {[%emt 00:01:04]} 5. a3 {[%clk 00:25:33]} {[%emt 00:00:04]}
Bxc3+ {[%clk 00:24:47]} {[%emt 00:00:02]} 6. Qxc3 {[%clk 00:25:42]} {[%emt
00:00:02]} d5 {[%clk 00:24:55]} {[%emt 00:00:01]} 7. Nf3 {[%clk 00:25:42]}
{[%emt 00:00:10]} Nbd7 {[%clk 00:25:03]} {[%emt 00:00:02]} 8. Bg5 {[%clk
00:25:24]} {[%emt 00:00:28]} b6 {[%clk 00:23:56]} {[%emt 00:01:16]} 9. cxd5
{[%clk 00:25:21]} {[%emt 00:00:13]} exd5 {[%clk 00:24:03]} {[%emt 00:00:03]} 10.
e3 {[%clk 00:25:10]} {[%emt 00:00:21]} h6 {[%clk 00:24:01]} {[%emt 00:00:12]}
11. Bxf6 {[%clk 00:24:48]} {[%emt 00:00:32]} Nxf6 {[%clk 00:24:09]} {[%emt
00:00:02]} 12. Bd3 {[%clk 00:24:52]} {[%emt 00:00:06]} c5 {[%clk 00:21:01]}
{[%emt 00:03:18]} 1/2-1/2

[Event "World Cup 2023 Open"]
[Site "Baku, Azerbaijan"]
[Date "2023.08.04"]
[Round "14.16"]
[White "Vocaturo Daniele (ITA)"]
[Black "Volokitin Andrei (UKR)"]
[Result "1-0"]
[WhiteFideId "813192"]
[BlackFideId "14107090"]
[WhiteElo "2609"]
[BlackElo "2674"]

1. e4 {[%clk 00:25:17]} {[%emt 00:00:02]} c5 {[%clk 00:25:18]} {[%emt
00:00:02]} 2. Nf3 {[%clk 00:25:23]} {[%emt 00:00:04]} d6 {[%clk 00:25:25]}
{[%emt 00:00:04]} 3. Nc3 {[%clk 00:25:20]} {[%emt 00:00:12]} Nf6 {[%clk
00:25:32]} {[%emt 00:00:03]} 4. d4 {[%clk 00:25:22]} {[%emt 00:00:08]} cxd4
{[%clk 00:25:40]} {[%emt 00:00:03]} 5. Qxd4 {[%clk 00:25:27]} {[%emt 00:00:05]}
Nc6 {[%clk 00:25:44]} {[%emt 00:00:06]} 6. Bb5 {[%clk 00:25:17]} {[%emt
00:00:21]} Bd7 {[%clk 00:25:50]} {[%emt 00:00:05]} 7. Bxc6 {[%clk 00:25:16]}
{[%emt 00:00:11]} Bxc6 {[%clk 00:25:57]} {[%emt 00:00:02]} 8. Bg5 {[%clk
00:25:10]} {[%emt 00:00:15]} e6 {[%clk 00:25:42]} {[%emt 00:00:26]} 9. O-O-O
{[%clk 00:25:00]} {[%emt 00:00:20]} Be7 {[%clk 00:25:50]} {[%emt 00:00:02]} 10.
Bxf6 {[%clk 00:24:51]} {[%emt 00:00:19]} Bxf6 {[%clk 00:25:38]} {[%emt
00:00:23]} 11. Qxd6 {[%clk 00:24:43]} {[%emt 00:00:17]} Qxd6 {[%clk 00:25:01]}
{[%emt 00:00:47]} 12. Rxd6 {[%clk 00:24:49]} {[%emt 00:00:04]} Bxc3 {[%clk
00:25:08]} {[%emt 00:00:03]} 13. bxc3 {[%clk 00:24:56]} {[%emt 00:00:04]} Bxe4
{[%clk 00:25:16]} {[%emt 00:00:02]} 14. Ne5 {[%clk 00:24:54]} {[%emt 00:00:11]}
Rc8 {[%clk 00:16:56]} {[%emt 00:08:30]} 15. Rd4 {[%clk 00:24:11]} {[%emt
00:00:53]} Bc6 {[%clk 00:08:32]} {[%emt 00:08:33]} 16. Nxc6 {[%clk 00:22:45]}
{[%emt 00:01:36]} Rxc6 {[%clk 00:07:15]} {[%emt 00:01:27]} 17. Rhd1 {[%clk
00:22:53]} {[%emt 00:00:03]} O-O {[%clk 00:06:17]} {[%emt 00:01:08]} 18. R1d3
{[%clk 00:22:12]} {[%emt 00:00:50]} Ra6 {[%clk 00:05:21]} {[%emt 00:01:06]} 19.
Kb2 {[%clk 00:21:42]} {[%emt 00:00:40]} g6 {[%clk 00:04:25]} {[%emt 00:01:06]}
20. Rb4 {[%clk 00:19:04]} {[%emt 00:02:48]} b6 {[%clk 00:03:45]} {[%emt
00:00:51]} 21. Rd7 {[%clk 00:18:41]} {[%emt 00:00:32]} Ra5 {[%clk 00:03:51]}
{[%emt 00:00:03]} 22. Rc4 {[%clk 00:18:20]} {[%emt 00:00:31]} Kg7 {[%clk
00:03:56]} {[%emt 00:00:05]} 23. Rcc7 {[%clk 00:16:12]} {[%emt 00:02:18]} Re5
{[%clk 00:04:04]} {[%emt 00:00:02]} 24. Kc1 {[%clk 00:15:49]} {[%emt 00:00:33]}
a5 {[%clk 00:03:02]} {[%emt 00:01:13]} 25. Kd2 {[%clk 00:15:57]} {[%emt
00:00:02]} g5 {[%clk 00:02:07]} {[%emt 00:01:05]} 26. f3 {[%clk 00:15:41]}
{[%emt 00:00:26]} Kg6 {[%clk 00:02:10]} {[%emt 00:00:07]} 27. c4 {[%clk
00:15:29]} {[%emt 00:00:23]} h5 {[%clk 00:02:05]} {[%emt 00:00:15]} 28. Rd6
{[%clk 00:13:18]} {[%emt 00:02:21]} Rb8 {[%clk 00:01:45]} {[%emt 00:00:29]} 29.
Rcc6 {[%clk 00:11:51]} {[%emt 00:01:37]} b5 {[%clk 00:01:39]} {[%emt 00:00:16]}
30. c5 {[%clk 00:11:59]} {[%emt 00:00:02]} b4 {[%clk 00:01:48]} {[%emt
00:00:02]} 31. Rd4 {[%clk 00:10:23]} {[%emt 00:01:45]} h4 {[%clk 00:01:14]}
{[%emt 00:00:45]} 32. Rc7 {[%clk 00:09:44]} {[%emt 00:00:49]} f6 {[%clk
00:01:08]} {[%emt 00:00:16]} 33. g4 {[%clk 00:07:44]} {[%emt 00:02:09]} hxg3
{[%clk 00:00:57]} {[%emt 00:00:22]} 34. hxg3 {[%clk 00:07:53]} Rh8 {[%clk
00:00:28]} {[%emt 00:00:39]} 35. g4 {[%clk 00:07:12]} {[%emt 00:00:51]} Rh2+
{[%clk 00:00:21]} {[%emt 00:00:17]} 36. Kd3 {[%clk 00:05:27]} {[%emt 00:01:55]}
Rf2 {[%clk 00:00:19]} {[%emt 00:00:12]} 37. Kc4 {[%clk 00:04:17]} {[%emt
00:01:20]} Rxc2+ {[%clk 00:00:14]} {[%emt 00:00:15]} 38. Kb5 {[%clk 00:04:25]}
{[%emt 00:00:02]} Rd5 {[%clk 00:00:15]} {[%emt 00:00:09]} 39. Rxd5 {[%clk
00:04:12]} {[%emt 00:00:23]} exd5 {[%clk 00:00:24]} {[%emt 00:00:01]} 40. Kxa5
{[%clk 00:03:47]} {[%emt 00:00:35]} Rxa2+ {[%clk 00:00:32]} {[%emt 00:00:02]}
41. Kxb4 {[%clk 00:03:56]} {[%emt 00:00:01]} Rb2+ {[%clk 00:00:33]} {[%emt
00:00:09]} 42. Ka5 {[%clk 00:02:52]} {[%emt 00:01:15]} Rb3 {[%clk 00:00:24]}
{[%emt 00:00:19]} 43. Rd7 {[%clk 00:02:40]} {[%emt 00:00:22]} Rxf3 {[%clk
00:00:30]} {[%emt 00:00:03]} 44. c6 {[%clk 00:02:43]} {[%emt 00:00:07]} Rc3
{[%clk 00:00:30]} {[%emt 00:00:10]} 45. Kb6 {[%clk 00:02:48]} {[%emt 00:00:05]}
f5 {[%clk 00:00:17]} {[%emt 00:00:23]} 46. Rd6 {[%clk 00:02:51]} {[%emt
00:00:07]} Kf7 {[%clk 00:00:26]} {[%emt 00:00:01]} 47. gxf5 {[%clk 00:02:46]}
{[%emt 00:00:16]} g4 {[%clk 00:00:20]} {[%emt 00:00:16]} 48. c7 {[%clk
00:02:27]} {[%emt 00:00:29]} g3 {[%clk 00:00:23]} {[%emt 00:00:07]} 49. Rg6
{[%clk 00:02:34]} {[%emt 00:00:02]} Rb3+ {[%clk 00:00:15]} {[%emt 00:00:18]} 50.
Kc6 {[%clk 00:02:40]} {[%emt 00:00:05]} Rc3+ {[%clk 00:00:11]} {[%emt
00:00:14]} 51. Kd7 {[%clk 00:02:48]} {[%emt 00:00:02]} d4 {[%clk 00:00:13]}
{[%emt 00:00:08]} 52. c8=Q {[%clk 00:02:51]} {[%emt 00:00:06]} 1-0